000 00367nam a2200145Ia 4500
008 230917s9999||||xx |||||||||||||| ||und||
040 _e64860
_aMAIN
041 _aEnglish
082 _a519.5 P69I
100 _aPlackett, R L
245 0 _aIntroduction to the theory of statistics
260 _aEdinburgh
_bOliver and Boyd
_c1971
300 _a203 p.
942 _cBK
999 _c140027
_d140027